000 00544nam a2200241Ia 4500
003 OSt
005 20220912152029.0
006 a|||||r|||| 00| 0
007 ta
008 220909b |||||||| |||| 00| 0 eng d
024 _a61610
037 _cTextual
040 _aCSL
_beng
_cCSL
041 _aeng
082 _aH1, B5
100 _aDana E S
245 0 _aMinerals and how to study them
260 _c1885
300 _ap.
_ccm.
650 _aEcology
942 _hH1, B5
_cTEXL
_2CC
999 _c79395
_d79395